000 00400nam a2200181Ia 4500
001 9977
005 20260306161758.0
008 260306t2000||||xx |||||||||||||| ||spa||
041 _aESP
082 _aS PE 869.56
_bH43
100 _aHernández, Arturo
_eAUT
245 0 _aSangama
260 _c2000
300 _a328 páginas :
_c
650 _aGEN
654 _aCHU
942 _cLIB
_dJUS
_fJUS
_2ddc
_n
999 _c9977
_d9977